Role mediální komunikace vysokých škol s veřejností /

Hlavní autor: Soukalová, Radomila, 1957-
Jazyk: Čeština
Vydáno: Zlín : VeRBuM, 2013
Vydání: 1. vyd.
Témata:
Fyzický popis: 62 s. : barev. il. ; 21 cm
Language note: České a anglické resumé
Knihy
Uloženo v:
LEADER 01719nam a2200517 a 4500
001 nkc20142538816
003 CZ PrNK
005 20140515110337.0
007 ta
008 140108s2013 xr a f 000 0 cze
015 |a cnb002538816 
020 |a 978-80-87500-47-7  |q (brož.) 
035 |a (OCoLC)879564327 
040 |a ABA001  |b cze  |d BOA001 
041 0 |a cze  |b cze  |b eng 
043 |a e-xr--- 
072 7 |a 378  |x Vysoké školy  |2 Konspekt  |9 22 
080 |a 378  |2 MRF 
080 |a 316.772.4  |2 MRF 
080 |a 658.8:316.77  |2 MRF 
080 |a 659.4  |2 MRF 
080 |a (437.3)  |2 MRF 
080 |a (048.8)  |2 MRF 
100 1 |a Soukalová, Radomila,  |d 1957-  |7 xx0019761  |4 aut 
245 1 0 |a Role mediální komunikace vysokých škol s veřejností /  |c Radomila Soukalová 
250 |a 1. vyd. 
260 |a Zlín :  |b VeRBuM,  |c 2013 
300 |a 62 s. :  |b barev. il. ;  |c 21 cm 
500 |a 200 výt. 
504 |a Obsahuje bibliografii a bibliografické odkazy 
546 |a České a anglické resumé 
650 0 7 |a vysoké školy  |7 ph116649  |z Česko  |2 czenas 
650 0 7 |a mediální komunikace  |7 ph122737  |2 czenas 
650 0 7 |a marketingová komunikace  |7 ph115228  |2 czenas 
650 0 7 |a public relations  |7 ph115957  |2 czenas 
650 0 9 |a universities and colleges  |z Czechia  |2 eczenas 
650 0 9 |a communication in mass media  |2 eczenas 
650 0 9 |a communication in marketing  |2 eczenas 
650 0 9 |a public relations  |2 eczenas 
655 7 |a monografie  |7 fd132842  |2 czenas 
655 9 |a monographs  |2 eczenas 
910 2 |a BOA001  |b 2-1323.959 
990 |a BK 
995 |a 01 
991 |b 201404  |c NOV  |e n 
996 6 |b 2610586963  |c 2-1323.959  |l MZK  |r Sklad / do 1 hodiny  |n 9  |p p.v.  |w 001412703  |u 000010  |a 1  |e BOA001  |j MZK50  |s P